000 00278nam a2200097Ia 4500
082 _a241.1|MURR
245 0 _aThe spirit of Christ
100 _a Murray, Andrew, , 1828-1917 Springdale, PA., c.1984 Rev
_968807
942 _cBK
008 210817s9999 xx 000 0 und d
999 _c222329
_d222328